English Lexical Collocations in Current Usage
Identifikácia dôležitých lexikálnych kolokácií na príklade dvoch textov pre pokročilých študentov angličtiny. Analýza lexikálnych kolokácií a testovanie ich prekladov nefilologickými študentami. Rôzne definície slova "kolokácia" a zdôraznenie významu výučby kolokácií.
Guardado en:
| Autor principal: | |
|---|---|
| Formato: | Capítulo de libro |
| Lenguaje: | inglés |
| Materias: | |
| Etiquetas: |
Sin Etiquetas, Sea el primero en etiquetar este registro!
|
MARC
| LEADER | 00000naa$a2200000$$$4500 | ||
|---|---|---|---|
| 001 | 0240635 | ||
| 005 | 20240502083645.4 | ||
| 041 | 0 | |a eng | |
| 044 | |a CZ | ||
| 245 | 1 | 0 | |a English Lexical Collocations in Current Usage |c Zuzana Hrdličková |
| 520 | |a Identifikácia dôležitých lexikálnych kolokácií na príklade dvoch textov pre pokročilých študentov angličtiny. Analýza lexikálnych kolokácií a testovanie ich prekladov nefilologickými študentami. Rôzne definície slova "kolokácia" a zdôraznenie významu výučby kolokácií. | ||
| 610 | 2 | 0 | |a jazykoveda |
| 610 | 2 | 0 | |a jazyky cudzie |
| 610 | 2 | 0 | |a angličtina |
| 610 | 2 | 0 | |a komunikácia |
| 610 | 2 | 0 | |a frazeológia |
| 610 | 2 | 0 | |a lexikológia |
| 100 | 1 | |a Hrdličková, Zuzana | |